=LDR 00000nam 2200000 4500 =001 INLIS000000000042639 =005 20220125124945 =035 ##$$a 0010-101300000000561 =008 220125################g##########0#ind## =041 ##$$a Ind =082 ##$$a 616.722 =090 ##$$a 616.722, Ann j =100 ##$$a Anne Charlish =245 1#$$a Artritis & Reumatik : $b Jawaban-jawaban Alternatif untuk /$c Anne Charlish =260 ##$$a Jakarta :$b PT Citra Aji Parama,$c 2010 =300 ##$$a 160 hlm. : $b illus ; $c 16x23 cm. =650 #4$$a Artritis =700 #$$a Theodorus Dharma Wibisono =850 ##$$a NBPNMAT =020 ##$$a 10: 1-84013-931-5 =084 ##$$a 616.722 ANN a =990 ##$$a 21300351 =990 ##$$a 0001/BPAP-NTB/2015 =990 ##$$a 0001/BPAP-NTB/2015 =990 ##$$a 21300350 =990 ##$$a 21300351 =990 ##$$a 0001/BPAP-NTB/2015